[Event "Asian Women 2012"]
[Site "Ho Chi Minh"]
[Date "2012.05.07"]
[Round "3"]
[Board "9"]
[White "Wang, Jue"]
[Black "Hoang, Thi Nhu Y"]
[Result "1-0"]
[WhiteElo "2364"]
[BlackElo "2238"]
[PlyCount "88"]
[EventDate "2012.05.05"]
[EventRounds "9"]
[EventCountry "VIE"]

1. e4 c6 2. d4 d5 3. Nc3 e6 4. Nge2 dxe4 5. Nxe4 Nf6 6. N2g3 Be7 7. c3 Nbd7 8.
Bf4 O-O 9. Bd3 Nd5 10. Bc1 c5 11. Nxc5 Nxc5 12. dxc5 Bxc5 13. Ne4 Be7 14. O-O
Qc7 15. Qf3 Bd7 16. a3 Bc6 17. c4 Nf6 18. Bf4 e5 19. Bg3 Nxe4 20. Bxe4 f5 21.
Bd5+ Kh8 22. Qh5 Bxd5 23. cxd5 f4 24. Bh4 Bc5 25. Kh1 Bd4 26. Qe2 Qd7 27. Qe4
Bxb2 28. Rab1 Bxa3 29. d6 Rf7 30. Rfd1 Re8 31. Be7 b6 32. Qd5 Kg8 33. Ra1 Rexe7
34. Rxa3 Re8 35. Rc1 Rc8 36. Rxc8+ Qxc8 37. d7 Qd8 38. Qxe5 h6 39. Qe6 Kf8 40.
Qd5 Kg8 41. Qe6 Kf8 42. Qc6 Kg8 43. Qc8 Rf8 44. Qb7 a5 1-0

[Event "Asian Women 2012"]
[Site "Ho Chi Minh"]
[Date "2012.05.08"]
[Round "4"]
[Board "16"]
[White "Sihite, Chelsie Monica"]
[Black "Virda, Rizka Aulia"]
[Result "1/2-1/2"]
[WhiteElo "2181"]
[BlackElo "1769"]
[PlyCount "84"]
[EventDate "2012.05.05"]
[EventRounds "9"]
[EventCountry "VIE"]

1. e4 e6 2. d4 d5 3. exd5 exd5 4. c4 c6 5. Nc3 Bb4 6. Bd3 Ne7 7. Nge2 Bf5 8.
Bxf5 Nxf5 9. Qb3 Bxc3+ 10. bxc3 Qb6 11. cxd5 Qxb3 12. axb3 cxd5 13. O-O O-O 14.
Nf4 Rd8 15. Re1 Nc6 16. f3 b6 17. b4 Rd7 18. Ra2 g6 19. Nd3 Ng7 20. b5 Na5 21.
Ba3 Ne6 22. Ne5 Rc7 23. Bb4 Nc4 24. Nc6 Kg7 25. Ra6 Rb7 26. Rea1 Nc7 27. Rxa7
Rbxa7 28. Rxa7 Rxa7 29. Nxa7 Kf6 30. Kf2 Ke6 31. Kg3 f5 32. h4 Kf6 33. h5 Ke6
34. Kh4 Kf6 35. g4 Nd2 36. hxg6 hxg6 37. Kg3 Nc4 38. gxf5 gxf5 39. Kh4 Nd2 40.
f4 Nc4 41. Kg3 Kf7 42. Kh4 Ke6 1/2-1/2

[Event "Asian Women 2012"]
[Site "Ho Chi Minh"]
[Date "2012.05.08"]
[Round "4"]
[Board "20"]
[White "Jelsen, Yemi"]
[Black "Ton, Nu Hong An"]
[Result "1-0"]
[WhiteElo "2007"]
[BlackElo "1997"]
[PlyCount "67"]
[EventDate "2012.05.05"]
[EventRounds "9"]
[EventCountry "VIE"]

1. d4 Nf6 2. c4 e6 3. Nc3 Bb4 4. Qc2 b6 5. e4 Bb7 6. Bd3 c5 7. d5 d6 8. Nge2
Nbd7 9. O-O Bxc3 10. Nxc3 a6 11. f4 O-O 12. Bd2 h6 13. Rae1 b5 14. dxe6 fxe6
15. cxb5 axb5 16. Bxb5 d5 17. e5 Ne4 18. Nxe4 dxe4 19. Be3 Bd5 20. a4 c4 21.
Ra1 Qc7 22. b3 Rfc8 23. bxc4 Bxc4 24. Rfc1 Nb6 25. a5 Bxb5 26. Qxc7 Rxc7 27.
Rxc7 Nd5 28. Rb7 Nxe3 29. Rxb5 Nc2 30. Ra2 Rc8 31. Rab2 Ne1 32. Rb1 Nd3 33. a6
e3 34. a7 1-0

[Event "Asian Women 2012"]
[Site "Ho Chi Minh"]
[Date "2012.05.09"]
[Round "5"]
[Board "17"]
[White "Virda, Rizka Aulia"]
[Black "Medina, Warda Aulia"]
[Result "1/2-1/2"]
[WhiteElo "1769"]
[BlackElo "2172"]
[PlyCount "94"]
[EventDate "2012.05.05"]
[EventRounds "9"]
[EventCountry "VIE"]

1. e4 e6 2. d4 d5 3. exd5 exd5 4. c4 Nf6 5. Nc3 Bb4 6. Bd3 O-O 7. Nge2 c5 8. a3
Bxc3+ 9. bxc3 Be6 10. cxd5 Bxd5 11. O-O c4 12. Bc2 h6 13. f3 Nc6 14. a4 a6 15.
Rb1 Qd7 16. Ng3 Na5 17. Ba3 Rfe8 18. Nf5 Re6 19. Ng3 Re3 20. Qd2 Rae8 21. Ne4
Nxe4 22. Qxe3 Ng3 23. Qf2 Nxf1 24. Qxf1 Re3 25. Bb4 Nc6 26. Qc1 Nxb4 27. Rxb4
Re2 28. Kf1 Re8 29. Kf2 Qd6 30. h3 h5 31. Qg5 Qe6 32. Qd2 h4 33. Bd1 Qg6 34.
Be2 Qg3+ 35. Kf1 Qh2 36. Kf2 Be6 37. Qg5 Bxh3 38. Bxc4 Bc8 39. Bf1 Qc7 40. Rc4
Qb6 41. Qxh4 Qb1 42. Kg1 Bf5 43. Rc5 Bd3 44. Rh5 Bh7 45. Kh2 f6 46. Bc4+ Kh8
47. Qh3 Rd8 1/2-1/2

[Event "Asian Women 2012"]
[Site "Ho Chi Minh"]
[Date "2012.05.10"]
[Round "6"]
[Board "4"]
[White "Tania, Sachdev"]
[Black "Gomes, Mary Ann"]
[Result "0-1"]
[WhiteElo "2417"]
[BlackElo "2378"]
[PlyCount "56"]
[EventDate "2012.05.05"]
[EventRounds "9"]
[EventCountry "VIE"]

1. d4 Nf6 2. c4 e6 3. Nc3 Bb4 4. f3 c5 5. d5 O-O 6. e4 d6 7. Nge2 Re8 8. Nf4
exd5 9. cxd5 a6 10. a4 Nbd7 11. Be2 Ne5 12. Nd3 Nxd3+ 13. Qxd3 Nd7 14. O-O Ne5
15. Qc2 Bd7 16. f4 Ng4 17. Bxg4 Bxg4 18. f5 f6 19. Bd2 c4 20. Rae1 b5 21. Kh1
Qb6 22. Bc1 Bc5 23. Nd1 bxa4 24. Ne3 Bh5 25. g4 Bf7 26. Nxc4 Qb3 27. Qxb3 axb3
28. Bd2 Rxe4 0-1

[Event "Asian Women 2012"]
[Site "Ho Chi Minh"]
[Date "2012.05.12"]
[Round "8"]
[Board "9"]
[White "Tania, Sachdev"]
[Black "Vo, Thi Kim Phung"]
[Result "1-0"]
[WhiteElo "2417"]
[BlackElo "2155"]
[PlyCount "99"]
[EventDate "2012.05.05"]
[EventRounds "9"]
[EventCountry "VIE"]

1. d4 Nf6 2. c4 e6 3. Nc3 Bb4 4. f3 c5 5. d5 d6 6. e4 exd5 7. cxd5 O-O 8. Nge2
a6 9. Ng3 Re8 10. Be2 Nbd7 11. O-O Qc7 12. Nf5 Ne5 13. g4 c4 14. Kh1 Bc5 15. g5
Nfd7 16. f4 Ng6 17. Bxc4 b5 18. Bd3 Nb6 19. a3 b4 20. axb4 Bxb4 21. Bd2 Nc4 22.
Bc1 Nb6 23. Qb3 a5 24. Nb5 Qd8 25. Nbd4 Bxf5 26. Nxf5 Ne7 27. Ng3 Ng6 28. Be3
Nd7 29. Bb5 Rf8 30. Bc6 Rc8 31. Bd4 Nc5 32. Qf3 f6 33. gxf6 gxf6 34. Nf5 Rc7
35. Rg1 Kh8 36. Rg2 Ne7 37. Nh6 Nxc6 38. dxc6 Ne6 39. Bb6 Bc5 40. Bxc7 Qxc7 41.
Qg4 Ng7 42. Rxa5 f5 43. exf5 Qe7 44. Ra1 Bd4 45. Rd1 Bc5 46. Qg5 Qxg5 47. fxg5
Nh5 48. Rg4 Ra8 49. Nf7+ Kg8 50. Nxd6 1-0

[Event "Asian Women 2012"]
[Site "Ho Chi Minh"]
[Date "2012.05.13"]
[Round "9"]
[Board "20"]
[White "Ton, Nu Hong An"]
[Black "Virda, Rizka Aulia"]
[Result "1-0"]
[WhiteElo "1997"]
[BlackElo "1769"]
[PlyCount "77"]
[EventDate "2012.05.05"]
[EventRounds "9"]
[EventCountry "VIE"]

1. d4 e6 2. c4 Nf6 3. Nc3 Bb4 4. e3 b6 5. Nge2 Bb7 6. a3 Bxc3+ 7. Nxc3 O-O 8.
Bd3 Bxg2 9. Rg1 Bb7 10. e4 Kh8 11. Bg5 h6 12. Bh4 g5 13. Qd2 Nh7 14. Bg3 d6 15.
e5 dxe5 16. dxe5 Nc6 17. O-O-O Nd4 18. Qe3 c5 19. Nb5 a6 20. Nxd4 cxd4 21. Qe2
Rg8 22. Qh5 Qf8 23. Bxh7 Kxh7 24. Rxd4 Bc6 25. h4 Qe7 26. Qd1 Rad8 27. Qd3+ Kh8
28. Rd1 Rc8 29. f3 b5 30. hxg5 Qxg5+ 31. Bf4 Qg6 32. Rh1 h5 33. Qc3 bxc4 34.
Rd2 Qf5 35. Qe3 Kg7 36. Rg2+ Kf8 37. Qc5+ Ke8 38. Rxg8+ Kd7 39. Qd6# 1-0